00454nam a2200145Ia 4500008004100000041001200041082001100053100001700064245004800081260000600129650000700135942000700142999001700149952014200166221030s9999 xx 000 0 und d aEnglish a105.23 aJ. S. Juneja 0aSmall & Medium Enterprisescby J. S. Juneja c0 aMb cBK c12725d12725 pMB 681l0o105.23 r2022-10-30 00:00:00w2022-10-30yBK003Print4070aMIETLIBbMIETLIBcBL-, FL-, CUP-0, SH-0, R-0d2012-06-1610HMBA